1328 1817 1167 1961 1478 1851 1501 1822 1350 1388 1073 1301 1382 1254 1582 1348 1427 1307 1446 1988 1836 1473 1058 1261 1872 1416 1960 1306 1298 1946 1564 1791 1457 1586 1364 1829 1411 1536 1597 1879 1446 1413 1010 1747 1280 1189 1985 1835 1076 1345 1994 1642 1475 1874 1975 1541 1046 1826 1672 1366 1263 1796 1534 1689 1050 1052 1207 1449 1872 1755 1074 1267 1248 1178 1666 1873 1099 1176 1299 1245 1900 1394 1992 1789 1165 1711 1839 1361 1071 1008 1083 1666 1550 1816 1708 1198 1358 1714 1435 BCNSPRNW ULIB Ver.6.0+V

เปลี่ยนเป็นภาษาไทย

Change to English
 แสดงรายละเอียดบรรณานุกรม
  กลับหน้าหลัก

Brief Record : Get Marc (ISO 2709) : E-mail record : QR code < ปิดหน้าต่าง
LEADER : 00000nam 2200000uu 4500
001    13399124347
003     ULIB
008    150511s2555||||th 000 0 tha d
020    ^a9786162142314
099    ^aนว ว257อ
100    ^aวรรณวรรธน์
245    ^aอขิทโร มหาคุรุเทวา ปรัยวสาน ๒ เล่ม 5
250    ^aพิมพ์ครั้งที่ 1
260    ^aกรุงเทพฯ :^bณ บ้านวรรณกรรม กรุ๊ป,^c2555
300    ^a374 หน้า
650    ^aวรรณวรรธน์^xนิยาย
945    ^p300^l0^i039391
999    ^aเกษร โพธิ์สุวรรณ
รายการนี้ยังไม่มีแท็ก
คุณยังไม่ได้ล็อกอิน คุณสามารถมีกิจกรรมร่วมกับเว็บไซต์ได้ แต่ต้องล็อกอินก่อน ::
  ล็อกอิน

รายการสื่อสารสนเทศ

ลำดับที่ ประเภท เลขเรียก/บาร์โค้ด สถานที่ สถานะ
1. นวนิยาย
นวนิยาย
นว ว257อ ฉ.1 
  Barcode: 039391
ห้องสมุดวิทยาเขตสวรรค์ประชารักษ์
►นวนิยาย
บนชั้น
  ขอยืม

รายการใกล้เคียง
    ผู้แต่ง [วรรณวรรธน์]

BibComment


ยังไม่เคยถูกคอมเมนท์

คอมเมนท์ทรัพยากรรายการนี้
  คอมเมนท์: อขิทโร มหาคุรุเท..


 Copyright 2026. Bcnsprnw @Library